| 000 | 00435nam a2200145 a 4500 | ||
|---|---|---|---|
| 001 | 4550 | ||
| 003 | CDMR | ||
| 005 | 20130116135257.0 | ||
| 008 | 130130s2000||||||||||||||||||||||||||||d | ||
| 040 |
_aCDMR _bcat _cCPC GIRONA |
||
| 245 | 0 |
_aExcavacions arqueològiques a la muntanya de Sant Julià de Ramis _bEl sector de l'antiga església parroquial _cVaris |
|
| 260 |
_c2000 _bAjuntament de Sant Julià de Ramis |
||
| 490 | 0 | _v1 | |
| 942 | _cMON | ||
| 999 |
_c4550 _d4550 |
||